Stratagem : (Record no. 4271)

MARC details
000 -LEADER
fixed length control field 00978 a2200241 4500
010 ## - LCCN (DPL NO)
LC control number ENG-86209
020 ## - INTERNATIONAL STANDARD BOOK NUMBER
International Standard Book Number 9780070617612
Terms of availability 325.00
020 ## - INTERNATIONAL STANDARD BOOK NUMBER
International Standard Book Number 0070617619
Terms of availability 325.00
035 ## - SYSTEM CONTROL NUMBER
System control number EN-69742
037 ## - SOURCE OF ACQUISITION
Source of stock number/acquisition DBAD / PUB
082 14 - DEWEY DECIMAL CLASSIFICATION NUMBER
Classification number 658.4012
100 1# - MAIN ENTRY--PERSONAL NAME
Personal name Radhakrishnan-Swami, Meenakshi.
245 10 - TITLE STATEMENT
Title Stratagem :
Remainder of title cases on retail, products, services, and trends /
Statement of responsibility, etc Meenakshi Radhakrishnan-Swami
260 ## - PUBLICATION, DISTRIBUTION, ETC. (IMPRINT)
Place of publication, distribution, etc New Delhi
Name of publisher, distributor, etc Tata McGraw-Hill Publishing
Date of publication, distribution, etc 2007.
300 ## - PHYSICAL DESCRIPTION
Extent xiii, 354 p.
Dimensions 23 cm. (Pbk.)
490 0# - SERIES STATEMENT
Series statement Business standard-McGraw-Hill professional.
-- Business essential series
520 ## - SUMMARY, ETC.
Summary, etc Excerpts of author's columns from the Business standard focussed on strategic planning of commercial and retail trade in India.
650 #0 - SUBJECT ADDED ENTRY--TOPICAL TERM
Topical term or geographic name as entry element Strategic planning
Geographic subdivision India.
650 #0 - SUBJECT ADDED ENTRY--TOPICAL TERM
Topical term or geographic name as entry element Business planning
Geographic subdivision India.
650 #0 - SUBJECT ADDED ENTRY--TOPICAL TERM
Topical term or geographic name as entry element Commercial products
Geographic subdivision India
General subdivision Marketing.
650 #0 - SUBJECT ADDED ENTRY--TOPICAL TERM
Topical term or geographic name as entry element Retail trade
Geographic subdivision India
General subdivision Management.
942 ## - ADDED ENTRY ELEMENTS (KOHA)
Institution code [OBSOLETE] dpl
Item type English Books
Source of classification or shelving scheme Dewey Decimal Classification
Classification part 658.4012
Call number suffix RAD
Holdings
Withdrawn status Lost status Not for loan Collection code Home library Current library Source of acquisition Cost, normal purchase price Full call number Barcode Copy number Cost, replacement price Koha item type
    Not For Loan Non-fiction D.B.Act.Division D.B.Act.Division DBAD/PUB 325.00 658.4012 RAD EN-69742 1 325.00 English Books

© Delhi Public Library
Hit Counter
free hit counter